Head first design patterns / (Record no. 29913)
[ view plain ]
| 000 -LEADER | |
|---|---|
| fixed length control field | 00697 a2200205 4500 |
| 020 ## - INTERNATIONAL STANDARD BOOK NUMBER | |
| International Standard Book Number | 0596007124 |
| 020 ## - INTERNATIONAL STANDARD BOOK NUMBER | |
| International Standard Book Number | 9780596007126 |
| 082 ## - DEWEY DECIMAL CLASSIFICATION NUMBER | |
| Classification number | 005.1 |
| 090 ## - LOCALLY ASSIGNED LC-TYPE CALL NUMBER (OCLC); LOCAL CALL NUMBER (RLIN) | |
| -- | 1300 |
| -- | 1300 |
| 100 1# - MAIN ENTRY--PERSONAL NAME | |
| Personal name | Freeman, Elisabeth. |
| 245 10 - TITLE STATEMENT | |
| Title | Head first design patterns / |
| Statement of responsibility, etc. | Elisabeth Freeman, Eric Freeman, Bert Bates, Kathy Sierra, Elisabeth Robson. |
| 260 ## - PUBLICATION, DISTRIBUTION, ETC. | |
| Place of publication, distribution, etc. | [S.l.] : |
| Name of publisher, distributor, etc. | O'Reilly Media, |
| Date of publication, distribution, etc. | 2004. |
| 300 ## - PHYSICAL DESCRIPTION | |
| Extent | 688 p. ; |
| Dimensions | 24 cm. |
| 700 1# - ADDED ENTRY--PERSONAL NAME | |
| Personal name | Freeman, Eric. |
| 700 1# - ADDED ENTRY--PERSONAL NAME | |
| Personal name | Bates, Bert. |
| 700 1# - ADDED ENTRY--PERSONAL NAME | |
| Personal name | Sierra, Kathy. |
| 700 1# - ADDED ENTRY--PERSONAL NAME | |
| Personal name | Robson, Elisabeth. |
| 942 ## - ADDED ENTRY ELEMENTS (KOHA) | |
| Institution code [OBSOLETE] | SNS |
| Koha item type | Book |
| Call number prefix | 005.1 FRE |
| Withdrawn status | Lost status | Damaged status | Not for loan | Permanent Location | Current Location | Date acquired | Total Checkouts | Full call number | Barcode | Date last seen | Date last checked out | Price effective from | Koha item type |
|---|---|---|---|---|---|---|---|---|---|---|---|---|---|
| School of Natural Sciences (SNS) | School of Natural Sciences (SNS) | 05/26/2016 | 3 | 005.1 FRE | SNS0001339 | 08/05/2024 | 08/05/2024 | 05/26/2016 | Book |
